| 000 | 01055nam a22003257a 4500 | ||
|---|---|---|---|
| 003 | CHAP | ||
| 005 | 20220329134019.0 | ||
| 008 | 971013s1979 r 00010 d | ||
| 010 | _a14107 | ||
| 011 | _a15079 | ||
| 035 | _a19153 | ||
| 040 | _cCHAP | ||
| 090 | _aTesis | ||
| 100 | 0 | 0 |
_aBeltrán Oseguera, Rafael. _911467 |
| 245 | _aOptimización de la producción del algodón en México | ||
| 260 |
_aMéxico, D. F. : _bEl autor, _c1979 |
||
| 300 | _a172 h. | ||
| 502 | _aTesis (Ing. Mécanico y Electricista) -- Universidad La Salle. Facultad de Ingeniería | ||
| 590 |
_aALEPH _b10 _c20130110 _lUCH01 _h1234 |
||
| 590 |
_aBATCH-UPD _b10 _c20130110 _lUCH01 _h1625 |
||
| 590 |
_aBATCH-UPD _b10 _c20130410 _lUCH01 _h1019 |
||
| 590 |
_aBATCH-UPD _b10 _c20130914 _lUCH01 _h0316 |
||
| 590 |
_aCONVERSION _b10 _c20130109 _lUCH01 _h1309 |
||
| 650 | 1 | 4 |
_aAlgodón _xMéxico. _94038 |
| 700 | 0 |
_aBolaños León, Pedro. _913477 |
|
| 700 | 0 |
_aFlores Rosales, Francisco. _941726 |
|
| 901 | _aBK | ||
| 942 | _cTESIS | ||
| 949 |
_bBC _cTES _d-44375 _eTS1 _h17457 _i19153 _si |
||
| 999 |
_c14107 _d14107 |
||